• 首页
  • 本馆介绍
  • 公告通知
  • 最新文献
  • 馆藏检索
  • 电子资源
  • 读者导购
  • 参考咨询
  • 我的图书馆
  • 登录
  • 详细信息显示
  • 放入我的书架
  • 预约/预借图书
  • 作者相关作品
  • 分类相关作品
  • 丛书相关作品
  • 出版社相关作品

书目信息

  • 表格格式
  • 工作单格式
  • 卡片格式
题名:
大学化学实验
    
 
作者: 王清华 , 王本根 , 王春华 主编
分册:  
出版信息: 北京   化学工业出版社  2014
页数: 154页
开本: 26cm
丛书名: 高等学校教材
单 册:
中图分类: O6-3
科图分类:
主题词: 化学实验--Hua Xue Shi Yan--高等学校--教材 , 化学实验--Hua Xue Shi Yan
电子资源:
ISBN: 978-7-122-21099-9
000 01508cam 2200325 450
001 012001002686
005 20191121144512.57
010    @a978-7-122-21099-9@dCNY19.80
099    @aCAL 012014125430
100    @a20141020d2014 em y0chiy50 ea
101 0  @achi
102    @aCN@b110000
105    @aak a 000yy
106    @ar
200 1  @a大学化学实验@Ada xue hua xue shi yan@f王清华,王本根,王春华主编
205    @a第2版
210    @a北京@c化学工业出版社@d2014
215    @a154页@c图@d26cm
225 2  @a高等学校教材@Agao deng xue xiao jiao cai
320    @a有书目
330    @a本书包括化学实验基本知识、实验项目和附录三部分内容。其中实验内容分为基本实验、应用综合实验和上机模拟实验。在基本实验中,编入了突出实验基本原理、基本知识和基本操作训练方面的一系列实验。在应用综合实验中,编入了与电子、计算机、机电等专业相关的应用综合设计方面的实验,以培养学生综合运用所学的理论知识和实验技能,从相关专业问题中提炼化学问题的能力。在上机模拟实验中,使学生在教师的引导下,发挥其主观能动性,在网上模拟实验室学习,完成查阅资料、设计方案、进行实验、分析数据、得出结论、撰写实验报告等一系列训练活动,完成某些在实验室不能完成的基本训练,突出特色。
410  0 @12001@@a高等学校教材
606 0  @a化学实验@AHua Xue Shi Yan@x高等学校@j教材
606 0  @a化学实验@AHua Xue Shi Yan
690    @aO6-3@v5
701  0 @a王清华@Awang qing hua@4主编
701  0 @a王本根@Awang ben gen@4主编
701  0 @a王春华@Awang chun hua@4主编
801  0 @aCN@b北京卓展@c20191020
905    @b1205644-7@dO6-3@e1011=2@f4
    
    大学化学实验/王清华,王本根,王春华主编.-第2版.-北京:化学工业出版社,2014
    154页:图;26cm.-(高等学校教材)
    
    
    ISBN 978-7-122-21099-9:CNY19.80
    本书包括化学实验基本知识、实验项目和附录三部分内容。其中实验内容分为基本实验、应用综合实验和上机模拟实验。在基本实验中,编入了突出实验基本原理、基本知识和基本操作训练方面的一系列实验。在应用综合实验中,编入了与电子、计算机、机电等专业相关的应用综合设计方面的实验,以培养学生综合运用所学的理论知识和实验技能,从相关专业问题中提炼化学问题的能力。在上机模拟实验中,使学生在教师的引导下,发挥其主观能动性,在网上模拟实验室学习,完成查阅资料、设计方案、进行实验、分析数据、得出结论、撰写实验报告等一系列训练活动,完成某些在实验室不能完成的基本训练,突出特色。
●
相关链接 在E读中查询图书 在五车中查询图书 在当当中查询图书 在豆瓣中查询图书


正题名:大学化学实验     索取号:O6-3/1011=2         预约/预借

序号 登录号 条形码 馆藏地/架位号 状态 备注
1 1205644   212056442   第二样本阅览室/ [索取号:O6-3/1011=2] 在馆    
2 1205645   212056451   第三借阅区/ [索取号:O6-3/1011=2] 在馆    
3 1205646   212056460   第三借阅区/ [索取号:O6-3/1011=2] 在馆    
4 1205647   212056479   第三借阅区/ [索取号:O6-3/1011=2] 在馆    
唐山师范学院图书馆 欢迎您!
大连网信软件有限公司© 版权所有